Country Beginnings by Numbers Quiz Stats

 Plays Quiz Updated Jan 24, 2019

Support Sporcle.
Go Orange.
Score 0/54 Timer 05:00
1 Play Today
% Correct
China
83.1%
India
82.6%
Argentina
80.4%
Turkey
79.3%
Lithuania
77.8%
Indonesia
77.4%
Chile
77%
Latvia
76.1%
Kyrgyzstan
74.6%
Armenia
73%
Iceland
72.7%
Ireland
72.1%
Iran
71.6%
Iraq
71.4%
Tunisia
70.7%
Laos
69.9%
Mali
69.3%
Somalia
69.1%
Madagascar
68.7%
Turkmenistan
68.2%
Tuvalu
67.3%
Luxembourg
66.7%
Libya
64.9%
Italy
64.9%
South Africa
64.9%
Morocco
63.3%
Liechtenstein
63.3%
% Correct
Liberia
62.5%
Chad
62.1%
South Sudan
61.6%
Mauritania
60.4%
South Korea
59.1%
Lesotho
58.4%
Moldova
58.2%
Mauritius
58%
Israel
57.5%
Malaysia
57.2%
Monaco
55.2%
Mozambique
54.6%
Lebanon
54%
Malawi
53.1%
Maldives
52.2%
Malta
51.5%
San Marino
48.1%
Montenegro
46.7%
Mongolia
46.5%
Solomon Islands
45.7%
Saudi Arabia
45.6%
Samoa
45%
St Kitts and Nevis
43.7%
St Lucia
43.3%
St Vincent + Grenadines
41.4%
Sao Tome and Principe
34.2%
Marshall Islands
33.2%

From the Vault

What's Missing? (Bible)

by LTH

It's time to use your scripture sleuth skills.
Remove Ads.
Support Sporcle.
Get the best of Sporcle when you Go Orange. This ad-free experience offers more features, more stats, and more fun while also helping to support Sporcle. Thank you for becoming a member.

Show Comments

Extras

Top Quizzes Today


Score Distribution

Your Account Isn't Verified!

In order to create a playlist on Sporcle, you need to verify the email address you used during registration. Go to your Sporcle Settings to finish the process.

Report this User

Report this user for behavior that violates our Community Guidelines.

Details: